Chelsea - Les joueurs à plus de 100 matchs - Statistiques

Statistiques générales
  • Ce quiz a été pris 1 097 fois
    610 depuis la dernière actualisation
  • Le résultat moyen est 25 sur 48
Statistiques - réponses
P Joueurs Matchs % Correct
M Frank Lampard 648
94%
G Petr Cech 494
94%
D John Terry 717
92%
A Didier Drogba 381
91%
A Eden Hazard 352
88%
M N'Golo Kante 269
83%
D César Azpilicueta 509
77%
D Ashley Cole 337
72%
D Thiago Silva 117
72%
D Gary Cahill 290
70%
G Kepa Arrizabalaga 163
69%
D David Luiz 248
67%
G Thibaut Courtois 154
65%
M Kai Havertz 139
63%
D Reece James 146
63%
A Willian 339
63%
A Fernando Torres 172
61%
A Diego Costa 120
60%
D Branislav Ivanovic 377
59%
G Édouard Mendy 105
59%
M Mason Mount 193
57%
M Michael Essien 256
57%
M Jorginho 212
55%
M Cesc Fabregas 198
52%
M Oscar 203
50%
A Ramires 251
50%
A Olivier Giroud 118
49%
M Florent Malouda 229
48%
A Juan Mata 135
47%
D Antonio Rudiger 203
46%
D Marcos Alonso 210
46%
M Mateo Kovacic 221
45%
A Pedro 206
44%
M John Obi Mikel 372
42%
A Nicolas Anelka 125
41%
M Nemanja Matic 154
38%
D Kurt Zouma 151
32%
A Salomon Kalou 254
32%
M Christian Pulisic 145
31%
D Andreas Christensen 161
30%
D José Bosingwa 126
26%
D Victor Moses 128
26%
M Ruben Loftus Cheek 154
23%
D Alex 134
20%
A Hakim Ziyech 107
20%
A Callum Hudson Odoi 151
16%
M Ross Barkley 100
15%
D Paulo Ferreira 209
13%
Aucun quiz correspondant
Distribution des résultats
% des personnes avec chaque résultat
Percentile par nombre de réponses
Votre historique - résultats
Vous n’avez pas pris ce quiz depuis la dernière actualisation